[Event "Magistral Ajedrez 2019"]
[Site "Zaragoza"]
[Date "2019.07.18"]
[Round "6.2"]
[White "Dardha, Daniel"]
[Black "Chueca Forcen, Alberto"]
[Result "1-0"]
[WhiteElo "2420"]
[BlackElo "2283"]
[Annotator "TA"]
[PlyCount "103"]
[EventDate "2019.07.15"]
[EventType "swiss"]
[EventCountry "ESP"]
[SourceTitle "playchess.com"]
[Source "ChessBase"]
[SourceQuality "1"]

{[%evp 10,102,18,20,20,0,2,0,0,0,0,0,5,0,12,0,8,14,16,18,25,16,17,17,16,12,41,30,47,13,20,4,0,0,4,4,4,0,4,0,30,12,102,109,131,132,131,131,222,219,234,218,233,234,242,243,340,235,381,366,366,294,385,264,363,374,634,633,591,510,834,819,2276,2066,1794,1629,1389,1183,29989,29990,29990,29991,29991,29992,29992,29993,29993,29994,29994,29995,29995,29996,29998,29999,29999]} 1. Nf3 d5 2. g3 Nf6 3. Bg2 c6 4. O-O Bg4 5. c4 e6 6. Qb3 Qb6 {A11: English Opening: 1...c6} 7. d3 Nbd7 8. Be3 Bc5 {The position is equal.} 9. Bxc5 Nxc5 10. Qc2 (10. Qa3 O-O 11. Nbd2 a5 12. Rac1 Ncd7 13. h3 Bxf3 14. Nxf3 {½-½ (55) Artemiev,V (2736)-Bu,X (2731) Astana 2019}) 10... O-O 11. Nbd2 Rfd8 $146 ({Predecessor:} 11... a5 12. h3 Bh5 13. Rac1 Ncd7 14. Qb3 {½-½ (60) Paschall,W (2384)-Gonda,L (2555) Budapest 2011}) 12. h3 Bxf3 13. Nxf3 a5 14. e3 h6 15. Rab1 Qb4 16. cxd5 cxd5 17. Rfc1 Nfd7 18. Bf1 Qb6 19. d4 Ne4 20. Qc7 Nd6 21. Ne5 Rac8 22. Qxb6 Nxb6 23. b3 f6 24. Nd3 Rxc1 25. Rxc1 Nd7 (25... Na8 $1 $11 {remains equal.}) 26. Rc7 $16 Nf8 27. Nc5 b6 {[#]} 28. Na4 $1 b5 (28... Rc8 $16 {was called for.} 29. Rxc8 Nxc8) 29. Nc5 $18 a4 30. bxa4 bxa4 31. Ra7 ({Don't take} 31. Nxa4 $6 Ra8 $16) 31... Rb8 32. Rxa4 Rb2 33. Ra6 Ne4 (33... Nc4 $142 34. a4 (34. Nxe6 Nxe6 35. Rxe6 Rxa2 $18) 34... Rb1) 34. Nxe4 dxe4 {[%mdl 4096] Endgame KRB-KRN} 35. Bc4 Kf7 36. d5 Rb1+ 37. Kg2 e5 $2 (37... exd5 38. Bxd5+ {[%mdl 64] Double Attack} Ke7 39. Ra7+ Kd6) 38. d6+ Kg6 39. Bd5 Kf5 (39... Rd1 $142 40. Bxe4+ Kf7) 40. Ra8 Nd7 41. Ra7 Rd1 42. g4+ Kg5 43. Be6 Nf8 44. Rxg7+ {White mates.} Kh4 45. Bf5 Rxd6 46. Rg8 Ne6 {[#]} 47. Rh8 $1 Ng7 48. Rxh6+ Kg5 49. Rg6+ {[%mdl 64] Double Attack} Kh4 50. Rxg7 Rd2 51. Rh7+ Kg5 52. h4# {Accuracy: White = 78%, Black = 37%.} 1-0

[Event "Magistral Ajedrez 2019"]
[Site "Zaragoza"]
[Date "2019.07.18"]
[Round "6.3"]
[White "Kovacevic, Slobodan"]
[Black "Randazzo, Adrian"]
[Result "1/2-1/2"]
[WhiteElo "2257"]
[BlackElo "2227"]
[Annotator "NA"]
[PlyCount "38"]
[EventDate "2019.07.15"]
[EventType "swiss"]
[EventCountry "ESP"]
[SourceTitle "playchess.com"]
[Source "ChessBase"]
[SourceQuality "1"]
[TimeControl "5400+30"]

1. d4 {[%emt 0:00:43]} Nf6 {[%emt 0:00:00]} 2. Nf3 {[%emt 0:00:13]} e6 {[%emt 0:00:00]} 3. Bf4 {[%emt 0:00:15]} c5 {[%emt 0:02:03]} 4. e3 {[%emt 0:01:33]} b6 {[%emt 0:00:12]} 5. Nbd2 {[%emt 0:00:13]} Bb7 {[%emt 0:00:14]} 6. Nc4 {[%emt 0:00:33]} d5 {[%emt 0:07:18]} 7. Nce5 {[%emt 0:02:39]} Bd6 {[%emt 0:02:39]} 8. Bb5+ {[%emt 0:02:23]} Ke7 {[%emt 0:00:52]} 9. Ng5 {[%emt 0:01:45]} Rf8 {[%emt 0:06:29]} 10. Qf3 {[%emt 0:05:16]} a6 {[%emt 0:02:05]} 11. Qh3 {[%emt 0:23:04]} Bxe5 {[%emt 0:02:45]} 12. dxe5 {[%emt 0:02:42]} axb5 {[%emt 0:00:18]} 13. exf6+ {[%emt 0:01:52]} gxf6 {[%emt 0:00:09]} 14. Nf3 {[%emt 0:05:24]} Nd7 {[%emt 0:01:35]} 15. Qxh7 {[%emt 0:00:17]} Rh8 {[%emt 0:00:26]} 16. Qg7 {[%emt 0:01:04]} Rg8 {[%emt 0:00:13]} 17. Qh7 {[%emt 0:00:43]} Rh8 {[%emt 0:00:16]} 18. Qg7 {[%emt 0:00:06]} Rg8 {[%emt 0:00:04]} 19. Qh7 {[%emt 0:00:05]} Rh8 {[%emt 0:00:04]} 1/2-1/2

[Event "Magistral Ajedrez 2019"]
[Site "Zaragoza"]
[Date "2019.07.18"]
[Round "6.4"]
[White "Sos Andreu, Eric"]
[Black "Villuendas Valero, Adrian"]
[Result "0-1"]
[WhiteElo "2343"]
[BlackElo "2250"]
[Annotator "TA"]
[PlyCount "110"]
[EventDate "2019.07.15"]
[EventType "swiss"]
[EventCountry "ESP"]
[SourceTitle "playchess.com"]
[Source "ChessBase"]
[SourceQuality "1"]

{[%evp 21,110,52,56,55,53,54,62,46,117,123,147,132,117,130,126,96,82,29,38,21,16,37,35,0,0,-10,-8,-45,0,-19,78,81,79,40,57,0,0,0,0,0,0,0,0,-221,-243,-216,-154,-165,-147,-148,-150,-170,-154,-272,-333,-392,-381,-1129,-1121,-29969,-29971,-29971,-29972,-29973,-29974,-29972,-1243,-985,0,-29970,-29967,-29985,-5885,-29981,-29981,-29990,-29980,-12829,-5609,-5501,-5381,-3086,-2827,-1823,-1581,-29975,-29975,-29980,-29980,-29983,-29981]} 1. Nf3 Nf6 2. c4 c5 3. g3 b6 4. Bg2 Bb7 5. O-O e6 6. Nc3 Be7 7. Re1 d6 8. e4 O-O 9. d4 cxd4 10. Nxd4 Qc8 11. Be3 a6 12. Rc1 {A30: Symmetrical English: Double Fianchetto and Hedgehog} Nbd7 13. f4 Re8 14. Bf2 {[#] Black must now prevent e5.White is slightly better.} e5 $146 (14... Qxc4 $2 15. e5 $18) (14... g6 $14) ({Predecessor:} 14... Bf8 15. g4 g6 16. h3 e5 17. Nde2 Nc5 18. Qc2 h5 19. g5 Nh7 {1-0 (38) Malakhov,V (2672)-Graf,A (2630) Istanbul 2003}) 15. Nf5 $16 Qb8 16. Nxe7+ Rxe7 17. f5 b5 18. Nd5 Re8 19. b3 (19. g4 $16) 19... bxc4 $11 20. bxc4 Bxd5 21. cxd5 Rc8 22. Rb1 Qc7 23. h3 Qa5 24. Qe2 Qa4 25. Rec1 Qa3 (25... h6 $11) 26. Rc6 $16 Nc5 27. Qc4 h6 28. Rc1 (28. Rbb6 $14) 28... Rxc6 $11 29. dxc6 Ncxe4 {...d5 is the strong threat.} 30. c7 {aiming for Rb1.} Rc8 31. Rb1 $1 {[%cal Rb1b8]} d5 ({Avoid the trap} 31... Nd2 $2 {[#]} 32. Rb8 $1 $18 {[%mdl 512]}) 32. Qc6 $2 (32. Rb8 $1 $11 dxc4 33. Rxc8+ Kh7 34. Rd8 Qc1+ 35. Kh2 Nxf2 36. c8=Q N6g4+ 37. hxg4 Nxg4+ 38. Kh3 Nf2+ 39. Kh2 Ng4+ 40. Kh3 Nf2+ 41. Kh2 Ng4+) 32... Qxa2 $19 ({Inferior is} 32... Nxf2 33. Rb8 $11) 33. Rf1 {White wants to play Bxe4.} Qd2 34. Bxe4 dxe4 35. Qb7 Qd7 $1 {[%csl LRc7,LRf5][%mdl 64] [#] Double Attack} 36. Rc1 Kh7 ({But not} 36... Qxf5 $2 37. Rd1 $18) 37. g4 (37. Bb6 $17) 37... a5 {[%cal Ba6a5,Ba5a4][%mdl 32]} 38. Bb6 a4 39. Qa7 $2 (39. Qc6 Qd3 40. Qc3) 39... Qd3 40. Qb7 Qg3+ 41. Kf1 Qxh3+ 42. Ke1 Qh1+ 43. Ke2 Qf3+ (43... Qxc1 $142 44. Qxc8 Nd5 45. Be3 Nxe3 46. Qa6 Qf1+ 47. Kxe3 Qxa6 48. Kxe4 a3 49. f6 a2 50. c8=R Qxc8 51. g5 a1=Q 52. g6+ Kxg6 53. Kf3 Qf1+ 54. Ke4 Qf4+ 55. Kd5 Qd4#) 44. Ke1 Qh1+ 45. Ke2 Qxc1 46. Qxc8 Qc2+ (46... Nd5 $142 47. Kf2 Qc2+ 48. Ke1 Nf4 49. Qa6 Qc1+ 50. Kf2 Qd2+ 51. Kf1 Qd1+ 52. Kf2 Qd2+ 53. Kf1 Qg2+ {[%mdl 64] Double Attack} 54. Ke1 Nd3+ 55. Qxd3 {[%mdl 64] Remove Defender} exd3 56. Bf2 Qxg4 57. Kd2 Qe2+ {[%mdl 64] Double Attack} 58. Kc3 d2 59. c8=Q d1=Q 60. Kb4 Qb3+ 61. Kc5 Qec4+ 62. Kd6 Qxc8 63. Kxe5 f6+ 64. Ke4 Qcc3 65. Bh4 Qe5#) 47. Kf1 Nd5 48. f6 Qd1+ 49. Kf2 Qf3+ 50. Ke1 Nxb6 51. Qb7 Qxf6 52. Qxe4+ g6 53. Qb7 Kg7 {Black mates.} 54. Qa6 Qc6 55. Qa7 Nd5 {Accuracy: White = 36%, Black = 63%.} 0-1

[Event "Magistral Ajedrez 2019"]
[Site "Zaragoza"]
[Date "2019.07.18"]
[Round "6.5"]
[White "Llorente Zaro, Alfonso"]
[Black "Gomez Anadon, Daniel"]
[Result "1/2-1/2"]
[WhiteElo "2445"]
[BlackElo "2305"]
[Annotator "NA"]
[PlyCount "64"]
[EventDate "2019.07.15"]
[EventType "swiss"]
[EventCountry "ESP"]
[SourceTitle "playchess.com"]
[Source "ChessBase"]
[SourceQuality "1"]
[TimeControl "5400+30"]

1. e4 {[%emt 0:02:14]} e5 {[%emt 0:00:00]} 2. Nf3 {[%emt 0:00:19]} Nc6 {[%emt 0:00:12]} 3. Bb5 {[%emt 0:00:29]} Nf6 {[%emt 0:00:43]} 4. O-O {[%emt 0:00:36]} Nxe4 {[%emt 0:00:32]} 5. Re1 {[%emt 0:00:37]} Nd6 {[%emt 0:00:20]} 6. Nxe5 {[%emt 0:00:16]} Be7 {[%emt 0:01:30]} 7. Bf1 {[%emt 0:00:46]} Nxe5 {[%emt 0:01:47]} 8. Rxe5 {[%emt 0:00:08]} O-O {[%emt 0:00:25]} 9. d4 {[%emt 0:00:18]} Bf6 {[%emt 0:00:38]} 10. Re1 {[%emt 0:00:14]} Nf5 {[%emt 0:00:47]} 11. c3 {[%emt 0:00:27]} d5 {[%emt 0:00:34]} 12. Bf4 {[%emt 0:01:10]} c6 {[%emt 0:01:06]} 13. Nd2 {[%emt 0:00:53]} Nh4 {[%emt 0:00:50]} 14. Bd3 {[%emt 0:01:27]} Bf5 {[%emt 0:01:13]} 15. Bxf5 {[%emt 0:00:20]} Nxf5 {[%emt 0:00:07]} 16. Nf3 {[%emt 0:00:10]} Qd7 {[%emt 0:00:50]} 17. Qd2 {[%emt 0:00:25]} Rfe8 {[%emt 0:00:40]} 18. Rxe8+ {[%emt 0:00:22]} Rxe8 {[%emt 0:00:12]} 19. Re1 {[%emt 0:00:09]} Rxe1+ {[%emt 0:00:31]} 20. Qxe1 {[%emt 0:00:11]} Qe7 {[%emt 0:00:35]} 21. Kf1 {[%emt 0:00:22]} Kf8 {[%emt 0:00:46]} 22. Qxe7+ {[%emt 0:00:20]} Kxe7 {[%emt 0:00:12]} 23. Ke2 {[%emt 0:00:08]} Nh4 {[%emt 0:01:02]} 24. Nxh4 {[%emt 0:01:01]} Bxh4 {[%emt 0:00:09]} 25. f3 {[%emt 0:00:09]} Ke6 {[%emt 0:00:48]} 26. h3 {[%emt 0:00:53]} g6 {[%emt 0:00:30]} 27. Kd3 {[%emt 0:00:30]} Be7 {[%emt 0:00:30]} 28. g4 {[%emt 0:00:30]} f5 {[%emt 0:03:39]} 29. Be3 {[%emt 0:03:12]} Bd6 {[%emt 0:00:36]} 30. Ke2 {[%emt 0:00:11]} a6 {[%emt 0:00:30]} 31. Kd3 {[%emt 0:00:50]} Bc7 {[%emt 0:00:36]} 32. Bd2 {[%emt 0:00:15]} Bd6 {Ke4 Ke5+} 1/2-1/2

[Event "Magistral Ajedrez 2019"]
[Site "Zaragoza"]
[Date "2019.07.19"]
[Round "7.1"]
[White "Gomez Anadon, Daniel"]
[Black "Romero Pallares, Daniel"]
[Result "1/2-1/2"]
[WhiteElo "2305"]
[BlackElo "2230"]
[Annotator "ChessBase"]
[PlyCount "197"]
[EventDate "2019.07.15"]
[EventType "swiss"]
[EventCountry "ESP"]
[SourceTitle "playchess.com"]
[Source "ChessBase"]
[SourceQuality "1"]
[TimeControl "5400+30"]

1. e4 {[%emt 0:00:00]} g6 {[%emt 0:00:00]} 2. d4 {[%emt 0:00:00]} Bg7 {[%emt 0:00:00]} 3. Nc3 {[%emt 0:00:17]} c6 {[%emt 0:00:12]} 4. f4 {[%emt 0:02:30]} d5 {[%emt 0:00:07]} 5. e5 {[%emt 0:00:18]} Nh6 {[%emt 0:00:27]} 6. Nf3 {[%emt 0:00:37]} O-O {[%emt 0:00:45]} 7. Be3 {[%emt 0:01:46]} Bg4 {[%emt 0:00:35]} 8. h3 {[%emt 0:04:12]} Bxf3 {[%emt 0:00:10]} 9. Qxf3 {[%emt 0:00:27]} f6 {[%emt 0:00:20]} 10. exf6 {[%emt 0:03:37]} exf6 {[%emt 0:01:38]} 11. O-O-O {[%emt 0:03:40]} f5 {[%emt 0:06:45]} 12. Bd3 {[%emt 0:01:19]} Nd7 {[%emt 0:04:25]} 13. g4 {[%emt 0:01:21]} b5 {[%emt 0:02:34]} 14. Kb1 {[%emt 0:07:32]} Nb6 {[%emt 0:03:04]} 15. Ne2 {[%emt 0:10:40]} Nc4 {[%emt 0:04:52]} 16. Bc1 {[%emt 0:05:29]} Nd6 {[%emt 0:07:01]} 17. g5 {[%emt 0:00:55]} Nhf7 {[%emt 0:00:24]} 18. h4 {[%emt 0:00:19]} Ne4 {[%emt 0:02:45]} 19. h5 {[%emt 0:04:39]} Re8 {[%emt 0:00:22]} 20. Rh2 {[%emt 0:02:47]} Nfd6 {[%emt 0:02:13]} 21. Rdh1 {[%emt 0:01:05]} Qb6 {[%emt 0:02:58]} 22. hxg6 {[%emt 0:07:17]} hxg6 {[%emt 0:00:05]} 23. Rh7 {[%emt 0:12:36]} Kf7 {[%emt 0:00:30]} 24. R1h6 {[%emt 0:02:20]} Rh8 {[%emt 0:00:55]} 25. Qh3 {[%emt 0:01:13]} Rxh7 {[%emt 0:01:26]} 26. Rxh7 {[%emt 0:00:06]} Rg8 {[%emt 0:00:46]} 27. Ng1 {[%emt 0:04:27]} Nf2 {[%emt 0:18:19]} 28. Qe3 {[%emt 0:00:18]} Ng4 {[%emt 0:02:05]} 29. Qh3 {[%emt 0:02:24]} Qxd4 {[%emt 0:04:24]} 30. Nf3 {[%emt 0:00:36]} Qf2 {[%emt 0:11:35]} 31. Ne5+ {[%emt 0:01:11]} Nxe5 {[%emt 0:01:22]} 32. fxe5 {[%emt 0:00:07]} Nc4 {[%emt 0:05:00]} 33. Bxc4 {[%emt 0:00:57]} dxc4 {[%emt 0:00:08]} 34. Qa3 {[%emt 0:03:53]} Qd4 {[%emt 0:00:08]} 35. Qa6 {[%emt 0:01:15]} Qb6 {[%emt 0:02:45]} 36. Qa3 {[%emt 0:00:34]} Qc7 {[%emt 0:02:59]} 37. Qc5 {[%emt 0:01:30]} Rh8 {[%emt 0:02:02]} 38. Rxh8 {[%emt 0:00:56]} Bxh8 {[%emt 0:00:01]} 39. a4 {[%emt 0:00:30]} Qd7 {[%emt 0:07:24]} 40. axb5 {[%emt 0:03:10]} cxb5 {[%emt 0:00:07]} 41. Bf4 {[%emt 0:00:18]} Bg7 {[%emt 0:00:24]} 42. Ka2 {[%emt 0:04:02]} Ke6 {[%emt 0:03:15]} 43. Bg3 {[%emt 0:03:34]} Kf7 {[%emt 0:01:24]} 44. Bf4 {[%emt 0:00:24]} Bf8 {[%emt 0:00:45]} 45. e6+ {[%emt 0:01:41]} Qxe6 {[%emt 0:00:01]} 46. Qxb5 {[%emt 0:01:01]} Be7 {[%emt 0:00:41]} 47. c3 {[%emt 0:01:26]} Qe4 {[%emt 0:01:56]} 48. Qb8 {[%emt 0:00:56]} a5 {[%emt 0:01:03]} 49. Qc7 {[%emt 0:00:40]} a4 {[%emt 0:00:45]} 50. Be5 {[%emt 0:00:57]} Ke6 {[%emt 0:00:36]} 51. Bd4 {[%emt 0:01:06]} f4 {[%emt 0:00:28]} 52. Qc8+ {[%emt 0:00:24]} Kf7 {[%emt 0:00:14]} 53. Qh8 {[%emt 0:00:20]} a3 {[%emt 0:00:46]} 54. Qg7+ {[%emt 0:00:40]} Ke6 {[%emt 0:00:28]} 55. Qg8+ {[%emt 0:00:04]} Kf5 {[%emt 0:00:24]} 56. Qf7+ {[%emt 0:00:21]} Kg4 {[%emt 0:00:10]} 57. Qxc4 {[%emt 0:00:28]} axb2 {[%emt 0:00:27]} 58. Kxb2 {[%emt 0:00:14]} f3 {[%emt 0:00:21]} 59. Qc8+ {[%emt 0:01:27]} Kg3 {[%emt 0:01:00]} 60. Qc7+ {[%emt 0:00:34]} Kg2 {[%emt 0:00:12]} 61. Qa7 {[%emt 0:00:23]} Qe2+ {[%emt 0:00:49]} 62. Kb3 {[%emt 0:00:12]} Qb5+ {[%emt 0:00:09]} 63. Kc2 {[%emt 0:00:22]} Bxg5 {[%emt 0:00:20]} 64. Qa8 {[%emt 0:00:59]} Bh4 {[%emt 0:00:46]} 65. Kc1 {[%emt 0:00:34]} Qb3 {[%emt 0:00:53]} 66. Kd2 {[%emt 0:00:32]} Qb2+ {[%emt 0:00:13]} 67. Ke3 {[%emt 0:00:17]} Qe2+ {[%emt 0:00:46]} 68. Kf4 {[%emt 0:00:10]} g5+ {[%emt 0:00:23]} 69. Kf5 {[%emt 0:00:30]} Qd3+ {[%emt 0:00:16]} 70. Kg4 {[%emt 0:00:20]} Qe2 {[%emt 0:00:45]} 71. Qd5 {[%emt 0:00:10]} Bg3 {[%emt 0:00:40]} 72. Kxg5 {[%emt 0:00:58]} Qe7+ {[%emt 0:00:16]} 73. Kg4 {[%emt 0:00:52]} Qh4+ {[%emt 0:00:20]} 74. Kf5 {[%emt 0:00:13]} Qh5+ {[%emt 0:00:46]} 75. Ke6 {[%emt 0:00:08]} Qxd5+ {[%emt 0:00:37]} 76. Kxd5 {[%emt 0:00:01]} Bf2 {[%emt 0:00:24]} 77. Bf6 {[%emt 0:00:18]} Be1 {[%emt 0:00:15]} 78. Bd4 {[%emt 0:00:20]} Bxc3 {[%emt 0:00:28]} 79. Bc5 {[%emt 0:00:10]} Bb4 {[%emt 0:00:33]} 80. Bd4 {[%emt 0:00:16]} Bc3 {[%emt 0:00:01]} 81. Bc5 {[%emt 0:00:11]} Bb4 {[%emt 0:00:30]} 82. Bd4 {[%emt 0:00:08]} Kf1 {[%emt 0:00:03]} 83. Ke4 {[%emt 0:00:17]} Ke2 {[%emt 0:00:03]} 84. Bb6 {[%emt 0:01:09]} Bd6 {[%emt 0:00:21]} 85. Bd4 {[%emt 0:01:33]} Bg3 {[%emt 0:00:06]} 86. Bc5 {[%emt 0:00:35]} Bf2 {[%emt 0:00:05]} 87. Bd6 {[%emt 0:00:32]} Bd4 {[%emt 0:00:46]} 88. Bg3 {[%emt 0:00:18]} Bf6 {[%emt 0:00:08]} 89. Be1 {[%emt 0:01:19]} Be5 {[%emt 0:00:10]} 90. Bh4 {[%emt 0:00:07]} Bf6 {[%emt 0:00:28]} 91. Be1 {[%emt 0:00:15]} Bg5 {[%emt 0:00:30]} 92. Bg3 {[%emt 0:00:09]} Bd2 {[%emt 0:00:10]} 93. Bh4 {[%emt 0:00:16]} Be3 {[%emt 0:00:26]} 94. Bg3 {[%emt 0:00:41]} Bf2 {[%emt 0:00:12]} 95. Be5 {[%emt 0:00:15]} Bg1 {[%emt 0:00:19]} 96. Bg3 {[%emt 0:00:11]} Bf2 {[%emt 0:00:35]} 97. Be5 {[%emt 0:00:19]} Be1 {[%emt 0:00:04]} 98. Bd4 {[%emt 0:00:10]} f2 {[%emt 0:00:43]} 99. Bxf2 {[%emt 0:00:05]} 1/2-1/2

[Event "Magistral Ajedrez 2019"]
[Site "Zaragoza"]
[Date "2019.07.19"]
[Round "7.2"]
[White "Villuendas Valero, Adrian"]
[Black "Llorente Zaro, Alfonso"]
[Result "0-1"]
[WhiteElo "2250"]
[BlackElo "2445"]
[Annotator "NA"]
[PlyCount "87"]
[EventDate "2019.07.15"]
[EventType "swiss"]
[EventCountry "ESP"]
[SourceTitle "playchess.com"]
[Source "ChessBase"]
[SourceQuality "1"]
[TimeControl "5400+30"]

1. d4 {[%emt 0:00:00]} d6 {[%emt 0:00:48]} 2. e4 {[%emt 0:00:10]} Nf6 {[%emt 0:00:17]} 3. Nc3 {[%emt 0:00:09]} e5 {[%emt 0:00:06]} 4. dxe5 {[%emt 0:00:43]} dxe5 {[%emt 0:00:06]} 5. Qxd8+ {[%emt 0:00:06]} Kxd8 {[%emt 0:00:04]} 6. Bg5 {[%emt 0:00:13]} Bd6 {[%emt 0:00:36]} 7. f4 {[%emt 0:01:40]} h6 {[%emt 0:13:59]} 8. Bh4 {[%emt 0:11:13]} exf4 {[%emt 0:05:58]} 9. O-O-O {[%emt 0:01:37]} Nbd7 {[%emt 0:02:07]} 10. Nf3 {[%emt 0:03:24]} Re8 {[%emt 0:07:18]} 11. Bxf6+ {[%emt 0:23:56]} gxf6 {[%emt 0:01:05]} 12. Bc4 {[%emt 0:01:35]} Ne5 {[%emt 0:17:09]} 13. Nxe5 {[%emt 0:03:45]} Rxe5 {[%emt 0:10:58]} 14. Nb5 {[%emt 0:07:02]} Rxe4 {[%emt 0:06:16]} 15. Nxd6 {[%emt 0:00:20]} cxd6 {[%emt 0:00:06]} 16. Bd5 {[%emt 0:05:03]} Re5 {[%emt 0:01:34]} 17. Rhf1 {[%emt 0:03:42]} Rb8 {[%emt 0:09:06]} 18. Rxf4 {[%emt 0:01:42]} Be6 {[%emt 0:00:35]} 19. Bxe6 {[%emt 0:02:45]} Rxe6 {[%emt 0:00:09]} 20. Rh4 {[%emt 0:00:47]} Ke7 {[%emt 0:00:31]} 21. Rxh6 {[%emt 0:01:06]} Rg8 {[%emt 0:01:57]} 22. g3 {[%emt 0:00:41]} f5 {[%emt 0:00:38]} 23. Rh4 {[%emt 0:03:53]} Rg4 {[%emt 0:02:28]} 24. Rd4 {[%emt 0:01:10]} Rxh4 {[%emt 0:00:48]} 25. Rxh4 {[%emt 0:00:10]} Re2 {[%emt 0:00:15]} 26. Rh8 {[%emt 0:10:32]} Kf6 {[%emt 0:01:31]} 27. h4 {[%emt 0:02:02]} Rg2 {[%emt 0:01:13]} 28. h5 {[%emt 0:01:52]} Rxg3 {[%emt 0:00:30]} 29. Kd2 {[%emt 0:00:00]} f4 {[%emt 0:03:18]} 30. h6 {[%emt 0:01:24]} Rh3 {[%emt 0:00:27]} 31. h7 {[%emt 0:05:16]} Rh2+ {[%emt 0:05:08]} 32. Kd3 {[%emt 0:00:12]} Kf5 {[%emt 0:00:10]} 33. c4 {[%emt 0:01:27]} b6 {[%emt 0:02:46]} 34. b4 {[%emt 0:02:21]} f6 {[%emt 0:03:14]} 35. b5 {[%emt 0:02:27]} Rh3+ {[%emt 0:00:21]} 36. Kd4 {[%emt 0:02:09]} Rh1 {[%emt 0:00:49]} 37. Kd3 {[%emt 0:00:13]} Rh2 {[%emt 0:00:22]} 38. Kd4 {[%emt 0:00:17]} Rh3 {[%emt 0:01:30]} 39. a4 {[%emt 0:00:28]} Rh1 {[%emt 0:00:46]} 40. Kd3 {[%emt 0:00:04]} Rh2 {[%emt 0:00:15]} 41. a5 {[%emt 0:02:09]} bxa5 {[%emt 0:00:14]} 42. Rd8 {[%emt 0:00:04]} Rxh7 {[%emt 0:00:11]} 43. Rxd6 {[%emt 0:00:08]} Re7 {[%emt 0:00:12]} 44. Kd4 {Ke5+} 0-1

[Event "Magistral Ajedrez 2019"]
[Site "Zaragoza"]
[Date "2019.07.19"]
[Round "7.3"]
[White "Randazzo, Adrian"]
[Black "Sos Andreu, Eric"]
[Result "1/2-1/2"]
[WhiteElo "2227"]
[BlackElo "2343"]
[Annotator "NA"]
[PlyCount "69"]
[EventDate "2019.07.15"]
[EventType "swiss"]
[EventCountry "ESP"]
[SourceTitle "playchess.com"]
[Source "ChessBase"]
[SourceQuality "1"]
[TimeControl "5400+30"]

1. e4 {[%emt 0:00:00]} e6 {[%emt 0:00:00]} 2. d4 {[%emt 0:00:00]} d5 {[%emt 0:00:12]} 3. exd5 {[%emt 0:00:16]} exd5 {[%emt 0:00:12]} 4. Bd3 {[%emt 0:00:23]} Bd6 {[%emt 0:01:39]} 5. Nf3 {[%emt 0:00:36]} Nf6 {[%emt 0:01:13]} 6. Qe2+ {[%emt 0:01:11]} Qe7 {[%emt 0:01:04]} 7. Qxe7+ {[%emt 0:00:59]} Bxe7 {[%emt 0:01:14]} 8. O-O {[%emt 0:00:56]} O-O {[%emt 0:00:36]} 9. Bg5 {[%emt 0:01:12]} Bg4 {[%emt 0:01:57]} 10. Nbd2 {[%emt 0:02:03]} Nbd7 {[%emt 0:01:05]} 11. Rfe1 {[%emt 0:01:13]} Rfe8 {[%emt 0:00:43]} 12. c3 {[%emt 0:01:09]} Bd6 {[%emt 0:00:35]} 13. Kf1 {[%emt 0:00:53]} Kf8 {[%emt 0:01:04]} 14. h3 {[%emt 0:03:25]} Bxf3 {[%emt 0:02:55]} 15. Nxf3 {[%emt 0:00:13]} h6 {[%emt 0:00:12]} 16. Bxf6 {[%emt 0:01:09]} Nxf6 {[%emt 0:00:10]} 17. Rxe8+ {[%emt 0:02:52]} Rxe8 {[%emt 0:01:51]} 18. Re1 {[%emt 0:00:11]} Rxe1+ {[%emt 0:02:22]} 19. Kxe1 {[%emt 0:00:32]} Ke7 {[%emt 0:00:29]} 20. Ke2 {[%emt 0:00:53]} c6 {[%emt 0:00:30]} 21. Nd2 {[%emt 0:02:22]} Nd7 {[%emt 0:01:31]} 22. g3 {[%emt 0:00:44]} Nf8 {[%emt 0:01:57]} 23. a4 {[%emt 0:01:21]} Ne6 {[%emt 0:01:00]} 24. h4 {[%emt 0:02:06]} h5 {[%emt 0:02:33]} 25. Nf3 {[%emt 0:01:41]} g6 {[%emt 0:00:29]} 26. Ng5 {[%emt 0:00:53]} Nxg5 {[%emt 0:00:45]} 27. hxg5 {[%emt 0:00:05]} a5 {[%emt 0:00:38]} 28. f4 {[%emt 0:01:11]} f5 {[%emt 0:01:28]} 29. gxf6+ {[%emt 0:01:49]} Kxf6 {[%emt 0:00:05]} 30. Kf3 {[%emt 0:00:24]} b6 {[%emt 0:00:40]} 31. b3 {[%emt 0:02:02]} Ba3 {[%emt 0:01:21]} 32. Ba6 {[%emt 0:00:28]} Bb2 {[%emt 0:00:17]} 33. Bb7 {[%emt 0:00:16]} Bxc3 {[%emt 0:00:06]} 34. Bxc6 {[%emt 0:00:05]} Bxd4 {[%emt 0:00:04]} 35. Bxd5 {[%emt 0:00:08] Ke5 Ke4+} 1/2-1/2